<?xml version="1.0" encoding="UTF-8"?>
<record
    xmlns:xsi="http://www.w3.org/2001/XMLSchema-instance"
    xsi:schemaLocation="http://www.loc.gov/MARC21/slim http://www.loc.gov/standards/marcxml/schema/MARC21slim.xsd"
    xmlns="http://www.loc.gov/MARC21/slim">

  <leader>00854nam a2200181 i 4500</leader>
  <controlfield tag="001">189573</controlfield>
  <controlfield tag="003">ES-MaACL</controlfield>
  <controlfield tag="005">20231224062936.0</controlfield>
  <controlfield tag="008">190620s1854    sp bf        |||| | spa d</controlfield>
  <datafield tag="100" ind1="1" ind2=" ">
    <subfield code="a">Botella y de Hornos, Federico de,</subfield>
    <subfield code="d">1822-1899</subfield>
    <subfield code="9">30760</subfield>
  </datafield>
  <datafield tag="245" ind1="1" ind2="0">
    <subfield code="a">Ojeada sobre la geolog&#xED;a del Reino de Valencia / </subfield>
    <subfield code="c">por Federico de Botella ; 1854, publicada de Real Orden.</subfield>
  </datafield>
  <datafield tag="260" ind1=" " ind2=" ">
    <subfield code="a">Madrid : </subfield>
    <subfield code="b">Imp. de la Viuda de Don Antonio Yenes, </subfield>
    <subfield code="c">1854.</subfield>
  </datafield>
  <datafield tag="300" ind1=" " ind2=" ">
    <subfield code="a">15 p., [2] h. de l&#xE1;m. pleg. ; </subfield>
    <subfield code="c">28 cm.</subfield>
  </datafield>
  <datafield tag="599" ind1=" " ind2=" ">
    <subfield code="a">1 l&#xE1;m. es 1 mapa geol&#xF3;gico a col.</subfield>
  </datafield>
  <datafield tag="650" ind1=" " ind2="4">
    <subfield code="a">Geolog&#xED;a-</subfield>
    <subfield code="z">Valencia (Comunidad Aut&#xF3;noma)</subfield>
    <subfield code="9">167378</subfield>
  </datafield>
  <datafield tag="852" ind1=" " ind2=" ">
    <subfield code="a">ES-MaACL</subfield>
    <subfield code="j">L-32448(5) </subfield>
    <subfield code="z">- Enc. cart. </subfield>
    <subfield code="z">. - Legado Federico de Botella y de Hornos </subfield>
    <subfield code="z">- Enc. en un vol. facticio, con  t&#xED;t. en el lomo de: Espa&#xF1;a, geolog&#xED;a: memorias varias, 1</subfield>
  </datafield>
  <datafield tag="999" ind1=" " ind2=" ">
    <subfield code="c">189573</subfield>
    <subfield code="d">189573</subfield>
  </datafield>
  <datafield tag="952" ind1=" " ind2=" ">
    <subfield code="0">0</subfield>
    <subfield code="1">0</subfield>
    <subfield code="4">0</subfield>
    <subfield code="7">0</subfield>
    <subfield code="8">LIBXIX</subfield>
    <subfield code="a">ATENEOM</subfield>
    <subfield code="b">ATENEOM</subfield>
    <subfield code="c">DEPO2</subfield>
    <subfield code="d">2019-06-20</subfield>
    <subfield code="e">DON</subfield>
    <subfield code="l">0</subfield>
    <subfield code="o">L-32448(5)</subfield>
    <subfield code="p">1200883</subfield>
    <subfield code="r">2023-02-23 00:00:00</subfield>
    <subfield code="w">2023-02-23</subfield>
    <subfield code="y">MONANT</subfield>
  </datafield>
</record>
